|
|
|
|
| LEADER |
01431nam a2200301 a 4500 |
| 001 |
691258911 |
| 008 |
110206s2010 nyua b m000 0 eng d |
| 020 |
|
|
|a 9780230284456
|
| 020 |
|
|
|a 0230284450
|
| 040 |
|
|
|a K
|a K
|a K
|d BD-DhAAL
|
| 082 |
0 |
4 |
|a 306
|2 22
|
| 245 |
0 |
0 |
|a Human Development Report 2010 :
|b the real wealth of nations : pathways to human development /
|c United Nations Development Program
|
| 250 |
|
|
|a 20th anniversary ed
|
| 260 |
|
|
|a New York, NY :
|b United Nations Development Program,
|c 2010
|
| 300 |
|
|
|a xiii, 227 p. :
|b ill. (some col.) ;
|c 28 cm
|
| 490 |
0 |
|
|a Human development report
|
| 505 |
0 |
|
|a Overview -- Reaffirming human development -- The advance of people -- Diverse paths to progress -- Good things don't always come together -- Innovations in measuring inequality and poverty -- The agenda beyond 2010 -- Statistical annex -- Boxes -- Figures -- Tables
|
| 541 |
1 |
|
|e 00021925
|
| 650 |
|
0 |
|a Human ecology
|
| 650 |
|
0 |
|a Human rights advocacy
|
| 650 |
|
0 |
|a Quality of life
|
| 650 |
|
0 |
|a Poverty
|
| 650 |
|
0 |
|a Progress
|
| 650 |
|
0 |
|a Human capital
|x Econometric models
|
| 650 |
|
0 |
|a Human capital
|x Management
|v Cross-cultural studies
|
| 852 |
|
|
|a Ayesha Abed Library
|c General Shelf.
|
| 999 |
|
|
|c 10427
|d 10427
|
| 952 |
|
|
|0 0
|1 0
|2 ddc
|4 0
|6 306_HUM
|7 0
|9 14332
|a BRACUL
|b BRACUL
|c GEN
|d 2011-02-06
|e Development Book Agency
|g 1200.00
|l 3
|m 7
|o 306 HUM
|p 3010021925
|r 2020-01-28
|s 2019-03-11
|t 1
|w 2011-02-06
|y BK
|